000 00560nam a22001697a 4500
003 OSt
005 20250701054751.0
008 250701b |||||||| |||| 00| 0 eng d
020 _a978-621-95852-2-4
040 _aDWCL - Main lib
_cOC
082 _aFil. 959.9 D353f 2018
100 _aDe Lima, Leila M.
245 _aFight for Freedom and Other Writings/
_cLeila M. De Lima
260 _aPasay City, Philippines :
_bThe office of Senator Leila M. De Lima,
_cc2018.
300 _a117 pages :
_b color illustrations ;
_c23cm.
942 _2ddc
_cBK - FIL
_kFil.
_n0
999 _c3333
_d3333